Statystyki dla 15 Najdroższych piłkarzy w Premier League

Kliknij tutaj aby rozwiązać quiz!

Ogólne statystyki

  • Ten quiz został rozwiązany 9 410 razy
  • Średni wynik to 8 z 15

Statystyki odpowiedzi

Wartość RynkowaPiłkarz% Poprawnych
150 mln €Salah
85%
85 mln €Mane
78%
150 mln €Kane
74%
150 mln €De Bruyne
66%
100 mln €Alli
63%
90 mln €Pogba
61%
120 mln €Sterling
60%
80 mln €Firmino
55%
150 mln €Hazard
48%
100 mln €Kante
46%
80 mln €Rashford
43%
85 mln €Lukaku
38%
80 mln €Bernardo Silva
37%
100 mln €Sane
35%
85 mln €Eriksen
25%

Rozkład punktacji

Percentyl według liczby udzielonych odpowiedzi

Procent ludzi z każdym wynikiem

Twoja historia wyników

Nie rozwiązałeś tego quizu